Представление документа в формате RUSMARC

ПолеНазваниеЗначение
  Тип записи a
  Библиографический уровень m
001 Контрольный номер RU/SLIB/B/208701580
005 Дата корректировки 20201206203834.1
010 Индекс ISBN __
a ISBN 5-85880-602-3
d Цена 22-00
101 Язык документа __
a Язык текста rus
c Язык оригинала rus
200 Заглавие и сведения об ответственности 0_
a Заглавие Спартак
f Первые сведения об ответственности Лесков В. А. ; предисл. С. С. Казаpова
b Общее обозначение материала Текст
210 Выходные данные __
a Место издания Ростов н/Д
c Издательство Феникс
210 Выходные данные __
a Место издания М.
c Издательство Зевс
d Дата издания 1997
215 Физическое описание __
a Объем 510 с.
c Иллюстрации/тип воспроизводства ил.
225 Серия __
a Серия След в истоpии
320 Библиография __
a Библиография Пpим.: с. 13-14
600 Персоналии __
a Персоналии (Фамилия) Красс, М.
600 Персоналии __
a Персоналии (Фамилия) Спаpтак
606 Тематические рубрики __
a Основная рубрика История
606 Тематические рубрики __
a Основная рубрика Древний мир
y Географическая подрубрика Рим; Римская империя
610 Ключевые слова __
a Ключевые слова восстания; исторические деятели; рабы; исторические факты; персоналии; рабовладельческое общество; рабовладельческий строй
686 Индексы других классификаций __
2 Код системы rubbks
a Классификационный индекс 63.3(0)32-8
700 Автор _1
a Фамилия Лесков
b Имя В. А.
4 Код отношения 070
702 Вторичная интеллектуальная ответственность _1
a Фамилия Казаpова
b Имя С. С.
4 Код отношения Составитель
801 Источник записи _0
a Страна RU
b Организация Муниципальное бюджетное учреждение культуры "Централизованная библиотечная система" г. Сургут (Центральная городская библиотека им. А. С. Пушкина)
g Правила каталогизации ОБ/Кундохова
801 Источник записи _1
a Страна RU
b Организация Муниципальное бюджетное учреждение культуры "Централизованная библиотечная система" г. Сургут (Центральная городская библиотека им. А. С. Пушкина)
g Правила каталогизации ОБ/Кундохова
852 Данные о местонахождении __
j Шифр хранения 63.3(0)32-8
c Каталожный индекс 63.3(0)32-8
i Авторский знак Л 50
p Инвентарный номер 68580
901 Тип документа __
t Тип документа m
903 Характеристики (МАРС) __
a Дата передачи 19980727
990 Данные о заказе (DOS) 00
j Количество экземпляров (DOS) 1
t N записи в КСУ для И/У (DOS) 199801